Bias correction in generalized linear models.

Odvodenie všeobecných formúl pre odchýlky prvého rádu odhadu maximálnej pravdepodobnosti, spôsob ich implementácie, oblasti použitia a niektoré vlastnosti.

Gespeichert in:
Bibliographische Detailangaben
1. Verfasser: Cordeiro, G.M
Weitere Verfasser: Maccullagh, P.
Format: Buchkapitel
Sprache:Englisch
Schlagworte:
Tags: Tag hinzufügen
Keine Tags, Fügen Sie das erste Tag hinzu!

MARC

LEADER 00000naa a2200000 4500
001 r005072
005 20221213085032.1
041 0 |a eng 
044 |a GB 
245 1 0 |a Bias correction in generalized linear models.  |c G.M. Cordeiro, P. Maccullagh 
520 |a Odvodenie všeobecných formúl pre odchýlky prvého rádu odhadu maximálnej pravdepodobnosti, spôsob ich implementácie, oblasti použitia a niektoré vlastnosti. 
610 2 0 |a modely lineárne 
610 2 0 |a pravdepodobnosť 
610 2 0 |a metódy matematicko-štatistické 
100 1 |a Cordeiro, G.M. 
700 1 |a Maccullagh, P.